| 000 | 00753cam a2200193 4500 | ||
|---|---|---|---|
| 001 | ABS60763 | ||
| 008 | 000000n1999 000 0 eng u | ||
| 035 | _a(Sirsi) u101260 | ||
| 100 | _aGoodacre, A. | ||
| 245 | _aGearing up. | ||
| 260 | _c1999 | ||
| 490 |
_aAccountancy _v123(1270) June 1999, 86-87(2) |
||
| 520 | _aOutlines the findings of research amongst a sample of over 200 quoted industrial and commercial properties into the importance of operating lease finance in the UK, and the effect which the capitalisation of operating leases would have on key performance ratios. | ||
| 650 | _aPROPERTY COMPANIES | ||
| 650 | _aLEASE FINANCE | ||
| 650 | _aPROPERTY INVESTMENT | ||
| 690 | _aPROPERTY-PROPERTY FINANCE AND INVESTMENT | ||
| 942 | _n0 | ||
| 999 |
_c60413 _d60413 |
||